Population overgrowth (Record no. 82065)

MARC details
000 -LEADER
fixed length control field 00930nam a2200169 a 4500
008 - FIXED-LENGTH DATA ELEMENTS--GENERAL INFORMATION
fixed length control field 120416s1972 ||||||||||||||||| || u
050 ## - LIBRARY OF CONGRESS CALL NUMBER
Classification number HB 884 Int
110 ## - MAIN ENTRY--CORPORATE NAME
Corporate name or jurisdiction name as entry element International Students' Seminar held at
245 10 - TITLE STATEMENT
Title Population overgrowth
Statement of responsibility, etc. edited by Lalit P. Agarwal [and others]
246 ## -
-- a challenge to young physicians
260 ## - PUBLICATION, DISTRIBUTION, ETC.
Place of publication, distribution, etc. New Delhi
Name of publisher, distributor, etc. All India Institute of Medical Sciences
Date of publication, distribution, etc. 1972
350 ## -
-- 0.00
650 ## - SUBJECT ADDED ENTRY--TOPICAL TERM
Topical term or geographic name entry element POPULATION OVERGROWTH
995 ## -
-- ANNEX COLLECTION (Main Library)
-- 0.00
-- 710064
-- CBU-MAIN LIBRARY (Kitwe)
-- 3
-- 0.00
-- HB 884 Int
-- 3
-- AVAILABLE
-- 002580
-- Annex Low-Usage Collection
995 ## -
-- ANNEX COLLECTION (Main Library)
-- 0.00
-- 710066
-- CBU-MAIN LIBRARY (Kitwe)
-- 1
-- 0.00
-- HB 884 Int
-- 1
-- AVAILABLE
-- 002579
-- Annex Low-Usage Collection
995 ## -
-- ANNEX COLLECTION (Main Library)
-- 0.00
-- 710065
-- CBU-MAIN LIBRARY (Kitwe)
-- 2
-- 0.00
-- HB 884 Int
-- 2
-- AVAILABLE
-- 002581
-- Annex Low-Usage Collection
999 ## -
-- 82065
-- 82065
Holdings
Withdrawn status Lost status Source of classification or shelving scheme Damaged status Not for loan Permanent Location Current Location Date acquired Full call number Barcode Date last seen Copy number Price effective from Koha item type Shelving location Total Checkouts
Withdrawn         CBU-MAIN LIBRARY, KITWE. CBU-MAIN LIBRARY, KITWE. 09/12/2023 HB 884 Int 002580 09/12/2023 1 09/12/2023 MONOGRAPH    
          CBU-MAIN LIBRARY, KITWE. CBU-MAIN LIBRARY, KITWE. 09/12/2023 HB 884 Int 002579 09/12/2023 2 09/12/2023 MONOGRAPH    
Withdrawn         CBU-MAIN LIBRARY, KITWE. CBU-MAIN LIBRARY, KITWE. 09/12/2023 HB 884 Int 002581 09/12/2023 3 09/12/2023 MONOGRAPH